Statistics for All 500k+ Cities in the European Union on a Map

Click here to take the quiz!

General Stats

  • This quiz has been taken 106 times
  • The average score is 90 of 112

Answers on the Map

Answers color-coded by a green-red scale on the quiz's map according to % correct below.
 

Answer Stats

PopulationAnswer% Correct
4.5 mBerlin
100%
7.0 mMadrid
100%
2.5 mAmsterdam
99%
2.1 mCopenhagen
99%
3.1 mHamburg
99%
2.8 mLisbon
99%
1.9 mMarseille
99%
5.0 mMilan
99%
13.1 mParis
99%
4.3 mRome
99%
2.8 mBrussels
98%
5.1 mBarcelona
96%
2.2 mBucharest
96%
1.6 mDublin
96%
3.3 mNaples
96%
2.7 mRotterdam – The Hague
96%
5.3 mRuhr
96%
1.5 mSofia
96%
3.0 mVienna
96%
3.7 mAthens
95%
2.5 mMunich
95%
1.3 mPorto
95%
1.0 mRiga
95%
1.8 mStockholm
95%
0.5 mTallinn
95%
1.7 mTurin
95%
1.8 mValencia
95%
0.7 mVilnius
95%
1.2 mHelsinki
94%
0.6 mNice
94%
2.2 mPrague
94%
1.6 mSeville
94%
0.5 mVenice
94%
2.9 mWarsaw
94%
1.2 mZagreb
94%
2.8 mCologne – Bonn
93%
2.3 mLyon
93%
1.0 mAntwerp
91%
1.4 mBordeaux
91%
2.8 mBudapest
91%
2.4 mFrankfurt
91%
1.3 mKraków
90%
1.0 mPalermo
90%
0.6 mBratislava
89%
0.9 mDresden
89%
1.1 mFlorence
89%
0.5 mMalmö
89%
2.4 mStuttgart
89%
1.4 mDüsseldorf
87%
0.7 mGenoa
87%
1.5 mLille
87%
1.0 mBilbao
85%
1.0 mThessaloniki
85%
1.5 mToulouse
85%
0.8 mBologna
84%
0.6 mCentral Slovenia (Ljubljana)
84%
1.3 mHanover
84%
1.3 mLeipzig – Halle
84%
0.9 mStrasbourg
84%
1.1 mGdańsk
83%
0.9 mMálaga
83%
0.8 mZaragoza
83%
1.0 mBremen
82%
1.1 mNuremberg
79%
0.7 mPalma de Mallorca
79%
0.5 mÅrhus
78%
0.7 mBrno
78%
0.6 mGranada
78%
0.7 mBari
77%
1.0 mLódz
77%
1.0 mNantes
77%
1.3 mMannheim
74%
0.9 mWrocław
74%
0.7 mLiège
73%
0.6 mCatania
72%
0.7 mUtrecht
72%
0.5 mVerona
72%
0.7 mEindhoven
71%
0.7 mGraz
71%
2.7 mKatowice
71%
0.9 mPóznan
71%
0.6 mAachen
70%
0.8 mMontpellier
70%
0.8 mRennes
70%
0.6 mMurcia
68%
0.7 mLinz
67%
0.5 mNancy
65%
0.7 mGrenoble
63%
0.6 mAugsburg
62%
0.5 mBielefeld
62%
0.7 mRouen
62%
0.6 mToulon
62%
0.6 mLas Palmas de Gran Canaria
61%
0.6 mMünster
61%
0.5 mPadua
61%
0.6 mSaarbrücken
61%
0.5 mSzczecin
61%
0.7 mKarlsruhe
60%
0.5 mVigo
60%
0.6 mPlovdiv
59%
0.5 mChemnitz
57%
0.5 mFreiburg im Breisgau
57%
0.5 mGroningen
57%
0.5 mTours
57%
0.8 mGöteborg
54%
0.6 mGent
52%
0.7 mOstrava
49%
0.5 mClermont-Ferrand
46%
0.7 mLublin
46%
0.5 mSanta Cruz de Tenerife
45%
0.5 mKassel
44%
0.6 mBraunschweig – Salzgitter
30%

Score Distribution

Percentile by Number Answered

Percent of People with Each Score

Your Score History

You have not taken this quiz